000 00554nam a2200169 i 4500
001 135420
003 ES-MaACL
007 t|
008 070717s1924 sp ||||1| spa d
100 1 _aTorok, Ervin.
_9110695
245 1 0 _aManual de cirugía ocular para médicos y estudiantes /
_cErvin Torok y Gerald H. Gront ; edición española revisada por Francisco Poyales.
260 _aMadrid :
_bPlus Ultra,
_c1924.
300 _a430 p. ;
_c25 cm.
700 1 _aGront, Gerald.
_960133
700 1 _aPoyales, Francisco.
_993513
852 _aES-MaACL
_jE-556
999 _c135420
_d135420